000 01583ngm a2200349 4500
003 dpl
005 20090105154432.0
007 DVD
008 ||||||sp199 xxu|||||c ||| 00| 0 ng d
010 _aDVD-001886-1888
024 _aVHIF 1947
_c34.00
035 _aDVD-001886-1888
040 _aDPL
_cDPL
082 _aDVD / HALL
245 _aHalla Bol
_cPyramid Saimira Production Ltd. Presents
_h[videorecording] VCD/
260 _bMoserbaer Entertainment
300 _a2 videodisc VCD;
_bsd., col. ;
_c4 3/4 in.
_fVCD
440 _aMoserbaer Home Entertainment
500 _aMoserbaer India Ltd. has obtained the necessary licence/conssent from the owner of the copyright in the wroks for making this DVD Film.
538 _aDolby Digital 5.1 - Hindi Subtitles: English
650 _aMotion Picture
700 _aRajkumar Santoshi
700 _aSukhwinder Singh
700 _aAjay Devgan
700 _aVidya Balan
700 _aKapoor, Pankaj
942 _cCF
_2ddc
_hDVD
_mHALL
999 _c20600
_d20600